| 000 | 00800nam a2200229Ia 4500 | ||
|---|---|---|---|
| 005 | 20241129105951.0 | ||
| 008 | 241129s9999||||xx |||||||||||||| ||und|| | ||
| 020 | _a978-81-927649-2-4 | ||
| 037 | _aTB | ||
| 040 |
_aARTS _bhin _cARTS |
||
| 041 |
_ahin _2hin |
||
| 084 |
_aP:795x 152P2;R2 _qARTS |
||
| 100 | _aगुप्ता, नीता, संपा. | ||
| 245 | 0 |
_aअनुवाद - मूल्यांकन _cगुप्ता, नीता, संपा. |
|
| 250 | _a3 | ||
| 260 |
_aनई दिल्ली, भारत _bभारतीय अनुवाद परिषद _c2022 |
||
| 300 | _a360पृ0 | ||
| 365 |
_aINR _b900 |
||
| 650 |
_aLinguisticsTranslation and Interpreting _9726406 |
||
| 942 |
_cTB _hP:795x 152P2;R2 |
||
| 999 |
_c1226806 _d1226806 |
||